[Event "Minhas Bolas!!!"]
[Site "http://www.queenalice.com/game.php?id=190149"]
[Date "2007.3.31"]
[Round "-"]
[White "fofis"]
[Black "gamnascimento"]
[Result "0-1"]
[WhiteElo "839"]
[BlackElo "1011"]

1. h3 e5 2. Nc3 Nc6 3. g4 g5 4. Bg2 Qf6 5. a4 Bc5 6. Ra3 Bxf2+ 7. Kf1 h5 8. Nf3
hxg4 9. hxg4 Nh6 10. Kxf2 Nxg4+ 11. Ke1 e4 12. Bh3 exf3 13. Bxg4 Rxh1+ 14. Kf2
Rxd1 15. Nxd1 fxe2+ 16. Kxe2 Qf4 17. Bh5 Qe4+ 18. Ne3 Qg2+ 19. Nxg2 Nd4+ 20. Kd1
d6 21. Rg3 Bf5 22. Rxg5 Bxc2+ 23. Ke1 Kd7 24. Rg7 Bb3 25. Bxf7 Nf3+ 26. Ke2 Nd4+
27. Ke3 Nc2+ 28. Kf4 Bxa4 29. Ne3 Nd4 30. b3 Nxb3 31. Bxb3+ Kc6 32. Bd5+ Kb6 33.
d4 Rf8+ 34. Bf7 Bb3 35. Kg5 Bxf7 36. Rxf7 Rxf7 37. Nd5+ Kc6 38. Nb4+ Kd7 39. Nd5
Rg7+ 40. Kh4 Rh7+ 41. Kg3 Rg7+ 42. Kf4 Rg1 43. Ba3 Ra1 44. Bb4 Ra4 45. Be1 Rxd4+
46. Kg5 Rxd5+ 47. Kf6 b6 48. Kg7 a5 49. Kh8 a4 50. Bh4 a3 51. Bf6 a2 52. Bg7
a1=Q 53. Bxa1 Rh5+ 54. Kg7 Rf5 55. Bd4 b5 56. Kg6 Rf4 57. Ba7 b4 0-1

[Event "Challenge"]
[Site "http://www.queenalice.com/game.php?id=190157"]
[Date "2007.3.31"]
[Round "-"]
[White "fofis"]
[Black "danabreu"]
[Result "0-1"]
[WhiteElo "884"]
[BlackElo "1060"]

1. f4 d5 2. e4 c6 3. Ne2 dxe4 4. d4 e6 5. g3 h5 6. a4 c5 7. Ra3 Qb6 8. dxc5 Qxc5
9. Bd2 Nc6 10. c4 Na5 11. Bc3 Nxc4 12. Ng1 Nxa3 13. bxa3 Nf6 14. Qb3 Nd5 15.
Bb5+ Bd7 16. Nh3 Qe3+ 17. Kd1 Rc8 18. Nd2 Rxc3 19. Qb1 h4 20. Ng5 Bxa3 21. Qa1
hxg3 22. hxg3 Rxh1+ 23. Nf1 Qd4+ 24. Ke1 Bc1 25. Bxd7+ Kxd7 26. Nxf7 Rf3 27.
Qxd4 Rfxf1+ 28. Ke2 Re1+ 29. Kf2 Be3+ 30. Qxe3 Rxe3 31. Kg2 Rh5 32. g4 Nxf4+ 33.
Kf2 Rh1 34. Kxe3 Ng2+ 35. Kd4 Rd1+ 36. Ke5 Ke7 37. Ng5 Ne3 38. Nxe6 Nd5 39. Nxg7
Nc7 40. Kxe4 Rd5 41. Kf4 Ne6+ 42. Nxe6 Kxe6 43. g5 Rf5+ 44. Ke4 Rxg5 45. a5 b5
46. Kf4 Rc5 47. a6 b4 48. Kg4 b3 49. Kf4 b2 50. Ke3 b1=Q 51. Kd4 Qb4+ 0-1

[Event "Invitation"]
[Site "http://www.queenalice.com/game.php?id=190169"]
[Date "2007.3.31"]
[Round "-"]
[White "fofis"]
[Black "demonsword"]
[Result "0-1"]
[WhiteElo "801"]
[BlackElo "1500"]

1. h4 e6 2. b4 d5 3. Nc3 Bxb4 4. Na4 c5 5. Rb1 Qa5 6. a3 Bxd2+ 7. Bxd2 Qxa4 8.
Rh3 Nf6 9. Rg3 Nh5 10. Rxg7 Nxg7 11. Nf3 Qxa3 12. Ng5 h6 13. e4 hxg5 14. hxg5 b6
15. Bf4 dxe4 16. Bb5+ Bd7 17. g4 Qa5+ 18. Kf1 Rh1+ 19. Kg2 Rxd1 20. Rxd1 Qxb5
21. Be5 Qe2 22. Rd6 Qxg4+ 23. Bg3 Qxg5 24. Rd3 exd3 25. cxd3 Bc6+ 26. Kf1 Qc1+
27. Ke2 Nf5 28. Bf4 Nd4# 0-1

[Event "Challenge"]
[Site "http://www.queenalice.com/game.php?id=190982"]
[Date "2007.4.3"]
[Round "-"]
[White "fofis"]
[Black "h20"]
[Result "0-1"]
[WhiteElo "798"]
[BlackElo "1445"]

1. g4 Nf6 2. Nc3 Nxg4 3. b4 Nc6 4. Nf3 Nxb4 5. Ba3 Nc6 6. h4 e5 7. Qc1 b6 8. Bh3
d6 9. Qb2 Bd7 10. d3 Na5 11. Rg1 f5 12. d4 Nc4 13. Qb3 Be6 14. Ng5 Rc8 0-1

[Event "Challenge"]
[Site "http://www.queenalice.com/game.php?id=190987"]
[Date "2007.4.3"]
[Round "-"]
[White "fofis"]
[Black "marvin"]
[Result "0-1"]
[WhiteElo "884"]
[BlackElo "1500"]

1. g4 e5 2. Bg2 Nf6 3. Nc3 Nxg4 4. Bd5 Qf6 5. Nf3 Bc5 6. Ne4 Qb6 7. Nfg5 Nxf2 8.
Nxf2 Bxf2+ 9. Kf1 f6 10. Nf7 Rf8 11. Nxe5 fxe5 12. d3 Bg1+ 13. Ke1 Qa5+ 14. c3
Bf2+ 15. Kd2 Qxd5 16. Qa4 Qxh1 17. Qb5 Qe1+ 18. Kc2 Be3 19. Kb3 Bxc1 20. Qxe5+
Kd8 21. a4 d6 22. Qxg7 Be6+ 23. Kb4 Nc6+ 24. Kb5 a6# 0-1

[Event "Challenge"]
[Site "http://www.queenalice.com/game.php?id=191215"]
[Date "2007.4.3"]
[Round "-"]
[White "fofis"]
[Black "bonzinho"]
[Result "0-1"]
[WhiteElo "801"]
[BlackElo "1286"]

1. Nc3 e5 2. Nd5 c6 3. Nf4 Bc5 4. d3 Qa5+ 5. c3 d5 6. g4 d4 7. a4 exf4 8. Bxf4
dxc3 9. g5 cxb2+ 10. Bd2 Bb4 11. Rb1 b5 12. axb5 Qa2 13. Bxb4 cxb5 14. h4 Ne7
15. Rh3 O-O 16. Bxe7 Nc6 17. Bg2 Bd7 18. Rf3 Nxe7 19. Rf4 Nd5 20. Nh3 Rac8 21.
Be4 Nc3 22. Qc2 Nxb1 23. Bxh7+ Kxh7 24. d4+ Kg8 25. Ng1 Na3 26. Qe4 Qa1+ 27. Kd2
b1=Q 28. Qe5 Qc1+ 29. Kd3 Qab1# 0-1

[Event "Challenge"]
[Site "http://www.queenalice.com/game.php?id=192601"]
[Date "2007.4.6"]
[Round "-"]
[White "gamnascimento"]
[Black "fofis"]
[Result "1-0"]
[WhiteElo "1186"]
[BlackElo "801"]

1. c4 Nf6 2. Qb3 c5 3. Na3 a5 4. Nb5 a4 5. Qg3 Qb6 6. Nc7+ Kd8 7. Nxa8 Qa6 8.
Qxb8 Qxc4 9. Nb6 Qb4 10. Nxc8 Ke8 11. a3 Qe4 12. e3 g5 13. Bb5 Ng4 14. Qc7 Nxf2
15. Bxd7# 1-0

[Event "Challenge"]
[Site "http://www.queenalice.com/game.php?id=192665"]
[Date "2007.4.6"]
[Round "-"]
[White "fofis"]
[Black "marvin"]
[Result "0-1"]
[WhiteElo "801"]
[BlackElo "1314"]

1. c4 d5 2. d4 dxc4 3. h4 Nc6 4. g4 Nxd4 5. e3 Nb3 6. axb3 cxb3 7. Qxb3 Bxg4 8.
Ra4 Be6 9. Rf4 Bxb3 10. Rh3 e5 11. Re4 Bd1 12. Be2 Nf6 13. Bxd1 Nxe4 14. Bd2
Nxd2 15. Nxd2 Bb4 16. Nf3 Qd5 17. Ba4+ b5 18. e4 Qa2 19. Nxe5 bxa4 20. Re3 Qxb2
21. Nc4 Qc1+ 22. Ke2 Rd8 23. Nb3 axb3 24. Ne5 b2 25. Rf3 Qe1# 0-1

[Event "Challenge"]
[Site "http://www.queenalice.com/game.php?id=192668"]
[Date "2007.4.6"]
[Round "-"]
[White "fofis"]
[Black "li_pinheiro"]
[Result "0-1"]
[WhiteElo "801"]
[BlackElo "1369"]

1. d4 c6 2. Qd2 Nf6 3. Nf3 Ne4 4. b4 Nxd2 5. Bxd2 e6 6. Nc3 Bxb4 7. h4 Qa5 8.
Rh3 Bxc3 9. Bxc3 Qxc3+ 10. Nd2 Qxa1+ 11. Nb1 Qxb1+ 12. Kd2 Qxf1 13. Re3 b6 0-1

[Event "WorldFamousSispl"]
[Site "http://www.queenalice.com/game.php?id=194960"]
[Date "2007.4.11"]
[Round "1"]
[White "fofis"]
[Black "li_pinheiro"]
[Result "0-1"]
[WhiteElo "800"]
[BlackElo "1357"]

1. c4 e5 2. h4 Qf6 3. a4 Bc5 4. e3 Nh6 5. Qb3 Ng4 6. Qb5 Qxf2+ 7. Kd1 Qxf1+ 8.
Kc2 Qxg2 9. Nh3 Qxh1 10. Qxc5 d6 11. Qb5+ c6 12. Ra3 cxb5 13. axb5 Qxh3 14. b3
Bf5+ 15. Kc3 Qf1 0-1